1971 1159 1237 1581 1486 1499 1925 1281 1374 1574 1995 1501 1596 1219 1094 1789 1981 1301 1704 1604 1349 1943 1793 1141 1250 1487 1508 1499 1228 1621 1157 1388 1358 1357 1571 1252 1064 1194 1420 1024 1051 1916 1499 1664 1133 1050 1694 1430 1127 1114 1748 1619 1562 1669 1149 1652 1204 1760 1983 1430 1708 1408 1919 1453 1624 1745 1934 1183 1177 1477 1545 1528 1696 1453 1711 1796 1364 1820 1041 1328 1841 1037 1436 1269 1072 1941 1875 1367 1756 1250 1703 1886 1249 1349 1978 1957 1750 1592 1213 BCNSPRNW ULIB Ver.6.0+V

เปลี่ยนเป็นภาษาไทย

Change to English
 แสดงรายละเอียดบรรณานุกรม
  กลับหน้าหลัก

Brief Record : Get Marc (ISO 2709) : E-mail record : QR code < ปิดหน้าต่าง
LEADER : 00000nam 2200000uu 4500
001    13399128288
003     ULIB
008    230529s2564||||th 000 0 tha d
020    ^a9786164076570
060 04 ^aWS205^bE53
245 10 ^aEmergencies in pediatric hematology and oncology /^cบรรณาธิการ, ดารินทร์ ซอโสตถิกุล
250    ^aพิมพ์ครั้งที่ 1
260    ^aกรุงเทพฯ :^bภาควิชากุมารเวชศาสตร์ คณะแพทยศาสตร์จุฬาลงกรณ์มหาวิทยาลัย, ^c2564
300    ^axii, 284 หน้า :^bภาพประกอบ ;^c27 ซม.
650  4 ^aกุมารเวชศาสตร์ฉุกเฉิน
650  4 ^aเนื้องอกในเด็ก
650  4 ^aมะเร็งในเด็ก
650  4 ^aโลหิตวิทยา
700 0  ^aดารินทร์ ซอโสตถิกุล, ^eบรรณาธิการ
700 0  ^aDarintr Sosothikul, ^eeditor
710 2  ^aจุฬาลงกรณ์มหาวิทยาลัย. ^bคณะแพทยศาสตร์. ^bภาควิชากุมารเวชศาสตร์
945    ^p399^l0^i009408
945    ^p399^l0^i009409
945    ^p399^l0^i009410
945    ^p399^l0^i009411
945    ^p399^l0^i009412
945    ^p399^l0^i009413
945    ^p399^l0^i009414
999    ^aประนอม เกษจรัล
รายการนี้ยังไม่มีแท็ก
คุณยังไม่ได้ล็อกอิน คุณสามารถมีกิจกรรมร่วมกับเว็บไซต์ได้ แต่ต้องล็อกอินก่อน ::
  ล็อกอิน

รายการสื่อสารสนเทศ

ลำดับที่ ประเภท เลขเรียก/บาร์โค้ด สถานที่ สถานะ
1. วิทยาศาสตร์การแพทย์ และสุขภาพ
หนังสือสำรอง
สถานะ=หนังสือสำรอง
WS205 E53 ฉ.1 
  Barcode: 009408
ห้องสมุดวิทยาเขตสวรรค์ประชารักษ์
►หนังสือทั่วไป
บนชั้น
2. วิทยาศาสตร์การแพทย์ และสุขภาพ
วิทยาศาสตร์การแพทย์ และสุขภาพ
WS205 E53 ฉ.2 
  Barcode: 009409
ห้องสมุดวิทยาเขตสวรรค์ประชารักษ์
►หนังสือทั่วไป
บนชั้น
3. วิทยาศาสตร์การแพทย์ และสุขภาพ
วิทยาศาสตร์การแพทย์ และสุขภาพ
WS205 E53 ฉ.3 
  Barcode: 009410
ห้องสมุดวิทยาเขตสวรรค์ประชารักษ์
►หนังสือทั่วไป
บนชั้น
4. วิทยาศาสตร์การแพทย์ และสุขภาพ
วิทยาศาสตร์การแพทย์ และสุขภาพ
WS205 E53 ฉ.4 
  Barcode: 009411
ห้องสมุดวิทยาเขตสวรรค์ประชารักษ์
►หนังสือทั่วไป
บนชั้น
5. วิทยาศาสตร์การแพทย์ และสุขภาพ
วิทยาศาสตร์การแพทย์ และสุขภาพ
WS205 E53 ฉ.5 
  Barcode: 009412
ห้องสมุดวิทยาเขตสวรรค์ประชารักษ์
►หนังสือทั่วไป
บนชั้น
6. วิทยาศาสตร์การแพทย์ และสุขภาพ
วิทยาศาสตร์การแพทย์ และสุขภาพ
WS205 E53 ฉ.6 
  Barcode: 009413
ห้องสมุดวิทยาเขตสวรรค์ประชารักษ์
►หนังสือทั่วไป
บนชั้น
7. วิทยาศาสตร์การแพทย์ และสุขภาพ
วิทยาศาสตร์การแพทย์ และสุขภาพ
WS205 E53 ฉ.7 
  Barcode: 009414
ห้องสมุดวิทยาเขตสวรรค์ประชารักษ์
►หนังสือทั่วไป
บนชั้น

รายการใกล้เคียง
    หัวเรื่อง [กุมารเวชศาสตร์ฉุกเฉิน]
    หัวเรื่อง [เนื้องอกในเด็ก]
    หัวเรื่อง [มะเร็งในเด็ก]
    หัวเรื่อง [โลหิตวิทยา]

BibComment


ยังไม่เคยถูกคอมเมนท์

คอมเมนท์ทรัพยากรรายการนี้
  คอมเมนท์: Emergencies in p..


 Copyright 2026. Bcnsprnw @Library